[Event "Vesterhavsturneringen B-Gruppen"]
[Site "Esbjerg"]
[Date "1979.07.10"]
[Round "1"]
[White "Isaksen, Brian"]
[Black "Berg, Klaus"]
[Result "1/2-1/2"]
[WhiteElo "2275"]
[BlackElo "2270"]
[PlyCount "41"]
[EventDate "1979.??.??"]
[EventType "tourn"]
[EventRounds "11"]
[EventCountry "DEN"]

1. e4 c5 2. d3 e6 3. g3 b6 4. Bg2 Bb7 5. Nf3 Nc6 6. O-O Nf6 7. Nbd2 d5 8. Re1
Be7 9. e5 Nd7 10. Nf1 Qc7 11. Qe2 h6 12. h4 g6 13. N1h2 O-O-O 14. Ng4 Bf8 15.
Bf4 h5 16. Ngh2 Bg7 17. c3 Nf8 18. d4 c4 19. Ng5 Nh7 20. Nhf3 Nxg5 21. Bxg5
1/2-1/2

[Event "Vesterhavsturneringen B-Gruppen"]
[Site "Esbjerg"]
[Date "1979.07.10"]
[Round "1"]
[White "Fuller, Max"]
[Black "Dankert, Peter"]
[Result "1-0"]
[WhiteElo "2380"]
[BlackElo "2360"]
[PlyCount "45"]
[EventDate "1979.??.??"]
[EventType "tourn"]
[EventRounds "11"]
[EventCountry "DEN"]

1. d4 d5 2. Nf3 Nf6 3. Bg5 e6 4. Nbd2 Be7 5. e3 O-O 6. Bd3 b6 7. Ne5 Bb7 8. Qf3
Nbd7 9. Qh3 g6 10. Qh4 Nb8 11. f4 c5 12. c3 Nc6 13. Ndf3 Rc8 14. O-O Rc7 15.
Bh6 Nh5 16. Ng5 Nxe5 17. fxe5 Bc8 18. g4 Ng7 19. Rf6 Ne8 20. Bxf8 Bxf6 21. exf6
Qxf6 22. Rf1 Qh8 23. Nxf7 1-0

[Event "Vesterhavsturneringen B-Gruppen"]
[Site "Esbjerg"]
[Date "1979.07.10"]
[Round "1"]
[White "Pedersen, Hans"]
[Black "Rewitz, Jan"]
[Result "1-0"]
[WhiteElo "2210"]
[BlackElo "2200"]
[PlyCount "86"]
[EventDate "1979.??.??"]
[EventType "tourn"]
[EventRounds "11"]
[EventCountry "DEN"]

1. d4 Nf6 2. c4 g6 3. Nc3 d5 4. Nf3 Bg7 5. Qb3 dxc4 6. Qxc4 O-O 7. e4 c6 8. Qb3
Qb6 9. Bc4 Na6 10. O-O Nc7 11. Qc2 Bg4 12. Na4 Qa5 13. Nc5 b5 14. Be2 Rac8 15.
Ne5 Bxe2 16. Nxc6 Ne6 17. Nxa5 Nxd4 18. Qd2 Rfd8 19. Nab7 Nf3+ 20. gxf3 Rxd2
21. Bxd2 Bxf3 22. Rfe1 Ng4 23. h3 Ne5 24. Bc3 Rc6 25. Re3 Bh5 26. Kg2 g5 27. f3
b4 28. Bxb4 Nc4 29. Rd3 Bxb2 30. Rb1 Be5 31. Rc1 Nd6 32. Nxd6 exd6 33. Nb3 Ra6
34. a3 Bg6 35. Na5 f5 36. Re3 Bf4 37. Rc8+ Kg7 38. Re1 fxe4 39. fxe4 d5 40.
exd5 Bf5 41. Re7+ Kf6 42. Rf8+ Kg6 43. Rg8+ Kf6 1-0

[Event "Vesterhavsturneringen B-Gruppen"]
[Site "Esbjerg"]
[Date "1979.07.10"]
[Round "1"]
[White "Dobosz, Henryk"]
[Black "Rostalski, Walter"]
[Result "1/2-1/2"]
[WhiteElo "2380"]
[BlackElo "2330"]
[PlyCount "68"]
[EventDate "1979.??.??"]
[EventType "tourn"]
[EventRounds "11"]
[EventCountry "DEN"]

1. e4 d6 2. d4 Nf6 3. Nc3 g6 4. f4 Bg7 5. Nf3 O-O 6. Be3 Bg4 7. h3 Bxf3 8. Qxf3
e5 9. dxe5 dxe5 10. f5 Nc6 11. g4 Nd4 12. Qg2 Nd7 13. O-O-O c6 14. Nb1 Qb6 15.
Rd3 Nc5 16. Ra3 Rfd8 17. Bc4 Nb5 18. b4 Nxa3 19. Bxc5 Nxc4 20. Bxb6 axb6 21. g5
Rxa2 22. Qf3 b5 23. Rd1 Rd4 24. c3 Rxd1+ 25. Qxd1 Rh2 26. Qd7 Rh1+ 27. Kc2 Rh2+
28. Kc1 Rh1+ 29. Kc2 Ne3+ 30. Kb2 Rh2+ 31. Ka1 Nc2+ 32. Kb2 Nd4+ 33. Kc1 Rh1+
34. Kb2 Rh2+ 1/2-1/2

[Event "Vesterhavsturneringen B-Gruppen"]
[Site "Esbjerg"]
[Date "1979.07.10"]
[Round "1"]
[White "Wicker, Kevin"]
[Black "Bednarski, Jacek"]
[Result "1/2-1/2"]
[WhiteElo "2315"]
[BlackElo "2375"]
[PlyCount "81"]
[EventDate "1979.??.??"]
[EventType "tourn"]
[EventRounds "11"]
[EventCountry "DEN"]

1. d4 e6 2. e4 d5 3. Nc3 Nf6 4. exd5 Nxd5 5. Nge2 Nc6 6. Nxd5 Qxd5 7. Be3 e5 8.
dxe5 Qxe5 9. c3 Bd7 10. Nd4 Bc5 11. Be2 Nxd4 12. Bxd4 Bxd4 13. cxd4 Qa5+ 14.
Qd2 Qxd2+ 15. Kxd2 O-O-O 16. Bf3 Be6 17. Kc3 Rd6 18. a3 Rhd8 19. Rad1 Bd5 20.
Bxd5 Rxd5 21. Rhe1 c5 22. Re7 R8d7 23. Rxd7 Kxd7 24. Rd3 Kc6 25. dxc5 Rxd3+ 26.
Kxd3 Kxc5 27. b3 Kd5 28. Ke3 g5 29. f3 h5 30. g3 f6 31. Kd3 b5 32. Ke3 Ke5 33.
h3 Kd5 34. Kd3 h4 35. gxh4 gxh4 36. Ke3 Ke5 37. f4+ Kd5 38. Kd3 f5 39. Ke3 Kc5
40. Kd3 a6 41. Ke3 1/2-1/2

[Event "Vesterhavsturneringen B-Gruppen"]
[Site "Esbjerg"]
[Date "1979.07.10"]
[Round "1"]
[White "Nielsen, Poul Erik"]
[Black "Heinicke, Herbert"]
[Result "1/2-1/2"]
[WhiteElo "2315"]
[BlackElo "2410"]
[PlyCount "65"]
[EventDate "1979.??.??"]
[EventType "tourn"]
[EventRounds "11"]
[EventCountry "DEN"]

1. d4 g6 2. g3 Nf6 3. Bg2 d5 4. Nf3 Bg7 5. O-O O-O 6. c4 Nc6 7. cxd5 Nxd5 8.
Nc3 Nb6 9. d5 Nb4 10. e4 c6 11. Qb3 Na6 12. Be3 cxd5 13. Rfd1 e6 14. exd5 Nxd5
15. Nxd5 exd5 16. Rxd5 Qe7 17. Rb5 b6 18. Bg5 Qe6 19. Nd4 Bxd4 20. Bxa8 Nc7 21.
Bf3 Nxb5 22. Qxb5 Qf5 23. Qxf5 Bxf5 24. Rc1 Re8 25. b3 Bh3 26. Rd1 Kg7 27. Bg2
Bg4 28. Bc6 Bxd1 29. Bxe8 Bc2 30. Bb5 Bc5 31. Bc1 Kf6 32. Bc4 Ke7 33. a4
1/2-1/2

[Event "Vesterhavsturneringen B-Gruppen"]
[Site "Esbjerg"]
[Date "1979.07.11"]
[Round "2"]
[White "Nielsen, Poul Erik"]
[Black "Wicker, Kevin"]
[Result "1-0"]
[WhiteElo "2315"]
[BlackElo "2315"]
[PlyCount "123"]
[EventDate "1979.??.??"]
[EventType "tourn"]
[EventRounds "11"]
[EventCountry "DEN"]

1. d4 g6 2. g3 Bg7 3. Bg2 Nf6 4. Nf3 c5 5. O-O cxd4 6. Nxd4 Nc6 7. c4 O-O 8.
Nc3 Nxd4 9. Qxd4 d6 10. Qd3 Nd7 11. b3 Nc5 12. Qd2 Bd7 13. Bb2 Bc6 14. Rfd1
Bxg2 15. Kxg2 a5 16. Nd5 Ne4 17. Qc2 Bxb2 18. Qxb2 e6 19. Ne3 Ra6 20. f3 Qf6
21. Rab1 Qxb2 22. Rxb2 Nc5 23. Rbd2 Rd8 24. Nc2 Rb6 25. e4 Kf8 26. Nd4 a4 27.
Nb5 axb3 28. axb3 Nxb3 29. Rxd6 Rbxd6 30. Rxd6 Ra8 31. Rd7 Ra2+ 32. Kh3 Nc5 33.
Rc7 Nd3 34. Nd6 f5 35. exf5 exf5 36. Nf7 Rc2 37. Kh4 b5 38. Kg5 Rxc4 39. Rb7
Nc5 40. Ra7 Ne6+ 41. Kf6 Nc7 42. Nd8 Ke8 43. Ne6 Kd7 44. Nf8+ Kc6 45. Ra2 Nd5+
46. Kg5 Rc3 47. Nxh7 b4 48. Nf8 Ne3 49. Ne6 Nc4 50. Kxg6 Kd5 51. Nf4+ Ke5 52.
Re2+ Ne3 53. Rb2 b3 54. Ne2 Rc2 55. Rxc2 Nxc2 56. Nc1 Nd4 57. f4+ Ke4 58. Nxb3
Nxb3 59. h4 Nd4 60. h5 Ne2 61. h6 Nxg3 62. Kg5 1-0

[Event "Vesterhavsturneringen B-Gruppen"]
[Site "Esbjerg"]
[Date "1979.07.11"]
[Round "2"]
[White "Berg, Klaus"]
[Black "Dobosz, Henryk"]
[Result "1-0"]
[WhiteElo "2270"]
[BlackElo "2380"]
[PlyCount "47"]
[EventDate "1979.??.??"]
[EventType "tourn"]
[EventRounds "11"]
[EventCountry "DEN"]

1. e4 e5 2. Nc3 Nf6 3. f4 d5 4. fxe5 Nxe4 5. Nf3 Bg4 6. Qe2 Nc5 7. d4 Bxf3 8.
Qxf3 Ne6 9. Be3 c6 10. Bd3 Be7 11. O-O O-O 12. Qh3 g6 13. Rxf7 Rxf7 14. Qxe6
Bg5 15. Bxg5 Qxg5 16. Ne4 Qe7 17. Nf6+ Kh8 18. Qc8+ Rf8 19. Qh3 Qg7 20. Rf1 h6
21. Rf3 Na6 22. Rg3 g5 23. Qf5 Nb4 24. Rxg5 1-0

[Event "Vesterhavsturneringen B-Gruppen"]
[Site "Esbjerg"]
[Date "1979.07.11"]
[Round "2"]
[White "Rostalski, Walter"]
[Black "Pedersen, Hans"]
[Result "1-0"]
[WhiteElo "2330"]
[BlackElo "2210"]
[PlyCount "121"]
[EventDate "1979.??.??"]
[EventType "tourn"]
[EventRounds "11"]
[EventCountry "DEN"]

1. d4 Nf6 2. c4 c5 3. Nf3 cxd4 4. Nxd4 a6 5. Nc3 e6 6. e4 Qc7 7. Nc2 b6 8. Be3
d6 9. Be2 Bb7 10. f3 Be7 11. O-O O-O 12. Rc1 Nbd7 13. Qe1 Rfc8 14. Nd4 Qd8 15.
Qg3 Ne5 16. b3 Ng6 17. Rfd1 Nh5 18. Qf2 Bg5 19. g3 Bxe3 20. Qxe3 Nf6 21. Rd2
Qc7 22. Rdd1 Rd8 23. Na4 Rab8 24. b4 Ne5 25. Nb3 Bc6 26. b5 Be8 27. Rd4 Ned7
28. bxa6 Nc5 29. Nc3 Nxa6 30. Nb5 Bxb5 31. cxb5 Nc5 32. Rd2 e5 33. Rcd1 Ra8 34.
Qc3 h6 35. Nxc5 bxc5 36. Bc4 Ne8 37. Rb2 Qb6 38. Qb3 Ra7 39. Kh1 Kf8 40. Bd5
Nf6 41. Bc6 Ne8 42. Rbd2 c4 43. Qxc4 Ra3 44. Rd3 Rxd3 45. Qxd3 Nc7 46. a4 Ne6
47. Bd5 Nd4 48. f4 Rc8 49. fxe5 dxe5 50. Rf1 Rc7 51. Qa3+ Ke8 52. Qb4 f6 53.
Rb1 Nf3 54. Bc6+ Rxc6 55. bxc6 Qf2 56. Qb8+ Kf7 57. Qa7+ Qxa7 58. Rb7+ Ke6 59.
Rxa7 Nd4 60. Rxg7 Nxc6 61. Rh7 1-0

[Event "Vesterhavsturneringen B-Gruppen"]
[Site "Esbjerg"]
[Date "1979.07.11"]
[Round "2"]
[White "Bednarski, Jacek"]
[Black "Isaksen, Brian"]
[Result "1-0"]
[WhiteElo "2375"]
[BlackElo "2275"]
[PlyCount "73"]
[EventDate "1979.??.??"]
[EventType "tourn"]
[EventRounds "11"]
[EventCountry "DEN"]

1. e4 c5 2. Nf3 e6 3. Nc3 d6 4. g3 Nc6 5. Bg2 Nf6 6. O-O Be7 7. d4 cxd4 8. Nxd4
Bd7 9. Be3 a6 10. a4 Qc7 11. Nb3 Ne5 12. a5 Nc4 13. Bc1 O-O 14. g4 d5 15. exd5
Rad8 16. g5 Nxd5 17. Bxd5 Bc6 18. Bxc4 Rxd1 19. Rxd1 Bd6 20. Rxd6 Qxd6 21. Be3
Bf3 22. Nd4 Bg4 23. Ne4 Qb4 24. b3 e5 25. Nf5 Rc8 26. Nfd6 Rxc4 27. Nxc4 Qe7
28. Kg2 f5 29. gxf6 gxf6 30. f3 Bh5 31. Kf2 f5 32. Bg5 Qf7 33. Nf6+ Kh8 34. Rd1
Qe7 35. Rd7 Qc5+ 36. Be3 Qb5 37. Rxh7# 1-0

[Event "Vesterhavsturneringen B-Gruppen"]
[Site "Esbjerg"]
[Date "1979.07.11"]
[Round "2"]
[White "Rewitz, Jan"]
[Black "Fuller, Max"]
[Result "1-0"]
[WhiteElo "2200"]
[BlackElo "2380"]
[PlyCount "77"]
[EventDate "1979.??.??"]
[EventType "tourn"]
[EventRounds "11"]
[EventCountry "DEN"]

1. d4 Nf6 2. c4 e6 3. Nf3 Bb4+ 4. Bd2 Qe7 5. a3 Bxd2+ 6. Nbxd2 d6 7. e4 e5 8.
d5 a5 9. b4 O-O 10. Be2 Nh5 11. O-O Nf4 12. Re1 Bg4 13. Bf1 f5 14. exf5 Rxf5
15. h3 Bxf3 16. Qxf3 Nd7 17. Bd3 Rg5 18. Qxf4 axb4 19. Qe4 Nf6 20. Qe3 Nh5 21.
axb4 Rf8 22. Nf3 Nf4 23. Nxg5 Qxg5 24. Be4 Rf6 25. Qg3 Qh5 26. Qg4 Qe8 27. g3
Nh5 28. Ra3 Rh6 29. Rea1 Qe7 30. Ra8+ Kf7 31. Qf5+ Nf6 32. R1a7 Rh5 33. Qe6+
Qxe6 34. dxe6+ Kxe6 35. Bxb7 e4 36. Bc8+ Ke5 37. Rxc7 e3 38. Re7+ Kd4 39. Rxe3
1-0

[Event "Vesterhavsturneringen B-Gruppen"]
[Site "Esbjerg"]
[Date "1979.07.11"]
[Round "2"]
[White "Heinicke, Herbert"]
[Black "Dankert, Peter"]
[Result "1-0"]
[WhiteElo "2410"]
[BlackElo "2360"]
[PlyCount "79"]
[EventDate "1979.??.??"]
[EventType "tourn"]
[EventRounds "11"]
[EventCountry "DEN"]

1. Nf3 d5 2. g3 Nf6 3. Bg2 e6 4. O-O Be7 5. c4 O-O 6. d4 c5 7. cxd5 exd5 8.
dxc5 Bxc5 9. Nc3 h6 10. Nd4 Bb6 11. Nb3 Be6 12. Na4 Nc6 13. Nxb6 axb6 14. Nd4
Qd7 15. Nxe6 Qxe6 16. Be3 Qe5 17. Qd2 Rfe8 18. Rfe1 d4 19. Bf4 Qh5 20. h3 Ne4
21. Qd3 Nc5 22. Qb5 Ra5 23. Qxb6 Ne6 24. Qxb7 Nxf4 25. gxf4 Nd8 26. Qd7 Rf8 27.
Qxd4 Ne6 28. Qe4 Qb5 29. b4 Ra3 30. e3 Rb8 31. Rec1 Qa4 32. Rab1 Rxa2 33. b5
Qa5 34. Qb4 Qd8 35. Rb2 Rxb2 36. Qxb2 Qb6 37. Rc6 Qa5 38. b6 Qa6 39. Bd5 Nd8
40. Rg6 1-0

[Event "Vesterhavsturneringen B-Gruppen"]
[Site "Esbjerg"]
[Date "1979.07.12"]
[Round "3"]
[White "Wicker, Kevin"]
[Black "Heinicke, Herbert"]
[Result "1-0"]
[WhiteElo "2315"]
[BlackElo "2410"]
[PlyCount "71"]
[EventDate "1979.??.??"]
[EventType "tourn"]
[EventRounds "11"]
[EventCountry "DEN"]

1. d4 Nf6 2. Bg5 d5 3. e3 Bf5 4. Bxf6 gxf6 5. Ne2 c6 6. Ng3 Be6 7. c3 Qb6 8.
Qb3 Nd7 9. Nd2 c5 10. Be2 f5 11. Nf3 Bh6 12. dxc5 Qxb3 13. axb3 Nxc5 14. b4 Ne4
15. Nd4 f4 16. Nxe4 dxe4 17. Nxe6 fxe6 18. Bh5+ Kd8 19. exf4 Bxf4 20. g3 Bh6
21. Rd1+ Kc7 22. Rd4 e3 23. Rc4+ Kb6 24. f4 Rhd8 25. Re4 Rd6 26. Rxe3 a5 27.
O-O axb4 28. Rfe1 bxc3 29. bxc3 Bg7 30. Rxe6 Bxc3 31. Rb1+ Kc5 32. Rxe7 Bd4+
33. Kf1 b5 34. Be2 b4 35. Rb7 Bc3 36. Rc7+ 1-0

[Event "Vesterhavsturneringen B-Gruppen"]
[Site "Esbjerg"]
[Date "1979.07.12"]
[Round "3"]
[White "Isaksen, Brian"]
[Black "Nielsen, Poul Erik"]
[Result "1/2-1/2"]
[WhiteElo "2275"]
[BlackElo "2315"]
[PlyCount "28"]
[EventDate "1979.??.??"]
[EventType "tourn"]
[EventRounds "11"]
[EventCountry "DEN"]

1. c4 g6 2. Nc3 Bg7 3. g3 Nf6 4. Bg2 O-O 5. Nf3 d5 6. cxd5 Nxd5 7. O-O Nc6 8.
Nxd5 Qxd5 9. d3 Qb5 10. Rb1 a5 11. a4 Qf5 12. Be3 e5 13. Rc1 Ra6 14. Ng5 h6
1/2-1/2

[Event "Vesterhavsturneringen B-Gruppen"]
[Site "Esbjerg"]
[Date "1979.07.12"]
[Round "3"]
[White "Dobosz, Henryk"]
[Black "Bednarski, Jacek"]
[Result "0-1"]
[WhiteElo "2380"]
[BlackElo "2375"]
[PlyCount "40"]
[EventDate "1979.??.??"]
[EventType "tourn"]
[EventRounds "11"]
[EventCountry "DEN"]

1. b4 e5 2. Bb2 Bxb4 3. Bxe5 Nf6 4. Nf3 O-O 5. e3 Re8 6. c4 d5 7. Qb3 Nc6 8.
Bb2 d4 9. Be2 dxe3 10. fxe3 Ne4 11. Nc3 Nxd2 12. Nxd2 Rxe3 13. Nf3 Bg4 14. Kf2
Bxf3 15. Bxf3 Qd2+ 16. Kg3 Bd6+ 17. Kh3 Rxc3 18. Qxc3 Qh6+ 19. Kg4 f5+ 20. Kxf5
Qg6# 0-1

[Event "Vesterhavsturneringen B-Gruppen"]
[Site "Esbjerg"]
[Date "1979.07.12"]
[Round "3"]
[White "Pedersen, Hans"]
[Black "Berg, Klaus"]
[Result "0-1"]
[WhiteElo "2210"]
[BlackElo "2270"]
[PlyCount "66"]
[EventDate "1979.??.??"]
[EventType "tourn"]
[EventRounds "11"]
[EventCountry "DEN"]

1. d4 c5 2. d5 e5 3. c4 d6 4. Nc3 Be7 5. e4 Bg5 6. g3 Bxc1 7. Qxc1 Ne7 8. Bg2
O-O 9. Nge2 Nd7 10. O-O a6 11. f4 exf4 12. gxf4 f5 13. Ng3 fxe4 14. Bxe4 Nf6
15. Bd3 Bh3 16. Rf3 Bg4 17. Rf2 Qd7 18. f5 h5 19. h4 Rf7 20. Qc2 Raf8 21. Kh2
Bxf5 22. Bxf5 Ng4+ 23. Kg1 Nxf5 24. Rxf5 Rxf5 25. Nxf5 Rxf5 26. Re1 Ne5 27. Re4
Qf7 28. Qe2 Nf3+ 29. Kh1 Nd4 30. Re8+ Kh7 31. Qe4 Qg6 32. Qe1 Nf3 33. Qb1 Qg4
0-1

[Event "Vesterhavsturneringen B-Gruppen"]
[Site "Esbjerg"]
[Date "1979.07.12"]
[Round "3"]
[White "Dankert, Peter"]
[Black "Rewitz, Jan"]
[Result "1-0"]
[WhiteElo "2360"]
[BlackElo "2200"]
[PlyCount "88"]
[EventDate "1979.??.??"]
[EventType "tourn"]
[EventRounds "11"]
[EventCountry "DEN"]

1. e4 d5 2. exd5 Nf6 3. Nf3 Nxd5 4. d4 g6 5. Be2 Bg7 6. O-O O-O 7. c4 Nb6 8. h3
Nc6 9. Be3 e5 10. d5 Ne7 11. Nc3 Nf5 12. Bc5 Re8 13. Re1 Nd7 14. Ba3 e4 15. Nh2
Qh4 16. Bf1 e3 17. fxe3 Rxe3 18. Nf3 Qf4 19. Rxe3 Qxe3+ 20. Kh1 Ne5 21. Qe1 Qf4
22. Ne2 Qe3 23. Neg1 Nxf3 24. Nxf3 Bd7 25. Qxe3 Nxe3 26. Bd3 Re8 27. Re1 Bf8
28. Bxf8 Kxf8 29. Kg1 Nf5 30. Rxe8+ Kxe8 31. Kf2 h5 32. c5 Ne7 33. Bc4 Bf5 34.
Ke3 a6 35. Nd4 Bb1 36. Kf4 Nf5 37. Nxf5 Bxf5 38. g4 hxg4 39. hxg4 Bc2 40. g5
Ke7 41. Ke5 Bf5 42. d6+ cxd6+ 43. cxd6+ Ke8 44. Kf6 Kd7 1-0

[Event "Vesterhavsturneringen B-Gruppen"]
[Site "Esbjerg"]
[Date "1979.07.12"]
[Round "3"]
[White "Fuller, Max"]
[Black "Rostalski, Walter"]
[Result "1-0"]
[WhiteElo "2380"]
[BlackElo "2330"]
[PlyCount "83"]
[EventDate "1979.??.??"]
[EventType "tourn"]
[EventRounds "11"]
[EventCountry "DEN"]

1. e4 d6 2. d4 g6 3. Nc3 Bg7 4. Bg5 Nc6 5. d5 Na5 6. Bd2 c5 7. a3 b6 8. b4 Nb7
9. Ba6 Nf6 10. Nf3 Nd7 11. O-O Nb8 12. Be2 O-O 13. Rb1 a6 14. Na2 cxb4 15. axb4
e5 16. c4 h6 17. Nc3 f5 18. Ne1 f4 19. Nd3 Nd7 20. Na4 b5 21. c5 bxa4 22. c6
Nb6 23. cxb7 Bxb7 24. Nc5 Bc8 25. Nxa4 Nxa4 26. Qxa4 g5 27. Qd1 Bd7 28. Bg4 Qc8
29. Bxd7 Qxd7 30. Qe2 Rfc8 31. Rfc1 Rxc1+ 32. Rxc1 g4 33. Rc6 Rf8 34. Qxa6 g3
35. hxg3 fxg3 36. f3 Qe7 37. Rc8 Qh4 38. Be3 Qh2+ 39. Kf1 h5 40. Qxd6 Qh1+ 41.
Bg1 Rxc8 42. Qe6+ 1-0

[Event "Vesterhavsturneringen B-Gruppen"]
[Site "Esbjerg"]
[Date "1979.07.13"]
[Round "4"]
[White "Bednarski, Jacek"]
[Black "Pedersen, Hans"]
[Result "1/2-1/2"]
[WhiteElo "2375"]
[BlackElo "2210"]
[PlyCount "83"]
[EventDate "1979.??.??"]
[EventType "tourn"]
[EventRounds "11"]
[EventCountry "DEN"]

1. e4 c5 2. Nf3 Nc6 3. Bb5 g6 4. O-O Bg7 5. c3 a6 6. Bxc6 dxc6 7. d4 Nf6 8. e5
Nd5 9. dxc5 Bg4 10. Re1 Nc7 11. Nbd2 Ne6 12. Qa4 Bxf3 13. Nxf3 Nxc5 14. Qh4 Ne6
15. Ng5 Qd7 16. Be3 Nxg5 17. Bxg5 Qe6 18. Qb4 b5 19. Qc5 Rc8 20. Rad1 h6 21.
Bf6 Kf8 22. Bh4 g5 23. Bg3 Kg8 24. f4 gxf4 25. Bxf4 Kh7 26. Rd3 Rhd8 27. Rg3
Rd5 28. Qe3 Rcd8 29. Qe4+ Kg8 30. h3 Rd1 31. Rxd1 Rxd1+ 32. Kh2 Rd5 33. b3 a5
34. a4 bxa4 35. Qxa4 h5 36. Qe4 h4 37. Rg4 f5 38. Rxg7+ Kxg7 39. Qe1 Kf8 40.
Qxh4 Ke8 41. Qf2 c5 42. Qf3 1/2-1/2

[Event "Vesterhavsturneringen B-Gruppen"]
[Site "Esbjerg"]
[Date "1979.07.13"]
[Round "4"]
[White "Berg, Klaus"]
[Black "Fuller, Max"]
[Result "0-1"]
[WhiteElo "2270"]
[BlackElo "2380"]
[PlyCount "72"]
[EventDate "1979.??.??"]
[EventType "tourn"]
[EventRounds "11"]
[EventCountry "DEN"]

1. e4 c5 2. Nf3 g6 3. d4 Bg7 4. dxc5 Qa5+ 5. c3 Qxc5 6. Be3 Qc7 7. Bd4 Nf6 8.
e5 Nh5 9. Qd2 d6 10. exd6 Qxd6 11. Na3 Bxd4 12. Qxd4 Qe6+ 13. Qe5 Nc6 14. Qxe6
Bxe6 15. Ng5 Bf5 16. Nb5 O-O 17. h3 Nf4 18. O-O-O Ne5 19. Rd4 Ned3+ 20. Bxd3
Nxd3+ 21. Kd2 h6 22. Nf3 Rfd8 23. b3 e5 24. Rxd8+ Rxd8 25. Ke3 Nf4 26. Nxe5
Nxg2+ 27. Kf3 Nh4+ 28. Kg3 f6 29. Nc4 g5 30. Re1 Rd3+ 31. Re3 Rd1 32. Kh2 Rf1
33. Re2 Bd3 34. Rb2 Be4 35. Ne3 Rh1+ 36. Kg3 Rg1+ 0-1

[Event "Vesterhavsturneringen B-Gruppen"]
[Site "Esbjerg"]
[Date "1979.07.13"]
[Round "4"]
[White "Wicker, Kevin"]
[Black "Isaksen, Brian"]
[Result "1-0"]
[WhiteElo "2315"]
[BlackElo "2275"]
[PlyCount "79"]
[EventDate "1979.??.??"]
[EventType "tourn"]
[EventRounds "11"]
[EventCountry "DEN"]

1. b4 e5 2. a3 d6 3. e3 Nf6 4. c4 g6 5. Bb2 Bg7 6. Nc3 O-O 7. Be2 Re8 8. Nf3
Nbd7 9. O-O c6 10. Qb3 Qe7 11. d3 Nb6 12. a4 d5 13. Nxe5 Qxe5 14. Nxd5 Qd6 15.
Nc3 Qe7 16. a5 Nbd7 17. d4 Nf8 18. b5 Ng4 19. Bf3 Bh6 20. Ne4 Qc7 21. Bxg4 Rxe4
22. Bf3 Re8 23. a6 Ne6 24. axb7 Bxb7 25. bxc6 Bxc6 26. d5 Rab8 27. Qc2 Ng5 28.
dxc6 Nxf3+ 29. gxf3 Qxc6 30. Kg2 Rb5 31. h4 Reb8 32. Bd4 Rf5 33. Qe4 Qxc4 34.
Rfc1 Qd5 35. Rxa7 Bg7 36. Bxg7 Kxg7 37. Rcc7 Qd2 38. Rxf7+ Rxf7 39. Qe5+ Kh6
40. Rxf7 1-0

[Event "Vesterhavsturneringen B-Gruppen"]
[Site "Esbjerg"]
[Date "1979.07.13"]
[Round "4"]
[White "Heinicke, Herbert"]
[Black "Rewitz, Jan"]
[Result "1-0"]
[WhiteElo "2410"]
[BlackElo "2200"]
[PlyCount "67"]
[EventDate "1979.??.??"]
[EventType "tourn"]
[EventRounds "11"]
[EventCountry "DEN"]

1. Nf3 Nf6 2. g3 d5 3. Bg2 c6 4. b3 Bf5 5. Bb2 e6 6. O-O h6 7. d3 Bc5 8. c4 O-O
9. Nbd2 Nbd7 10. Rc1 Rc8 11. Rc2 Qe7 12. Qa1 Rfe8 13. Rfc1 Ba3 14. Bxa3 Qxa3
15. b4 Qxb4 16. Rb2 Qa5 17. Rxb7 Qa6 18. Rb2 e5 19. Qb1 d4 20. Qc2 Nc5 21. Rb4
Rcd8 22. Nb3 Qa3 23. Qd2 Nfd7 24. Nh4 Be6 25. Nxc5 Nxc5 26. Bxc6 Re7 27. Rcb1
Kh7 28. Rb8 Rxb8 29. Rxb8 Qa6 30. Bg2 Qd6 31. Qb4 Qc7 32. Rb5 Na6 33. Qa5 Nb8
34. Qxc7 1-0

[Event "Vesterhavsturneringen B-Gruppen"]
[Site "Esbjerg"]
[Date "1979.07.13"]
[Round "4"]
[White "Nielsen, Poul Erik"]
[Black "Dobosz, Henryk"]
[Result "0-1"]
[WhiteElo "2315"]
[BlackElo "2380"]
[PlyCount "80"]
[EventDate "1979.??.??"]
[EventType "tourn"]
[EventRounds "11"]
[EventCountry "DEN"]

1. e4 e6 2. d4 d5 3. Nd2 Be7 4. Ngf3 Nf6 5. e5 Nfd7 6. Bd3 c5 7. c3 Nc6 8. O-O
Qb6 9. Re1 cxd4 10. cxd4 Nxd4 11. Nxd4 Qxd4 12. Nf3 Qb6 13. Qc2 h6 14. Be3 Bc5
15. Rac1 Bxe3 16. Rxe3 O-O 17. Qd2 f6 18. exf6 Rxf6 19. Bb1 Qd6 20. Rec3 Rf8
21. Qd3 Nf6 22. Rc7 Bd7 23. Rxb7 e5 24. Qe3 Rac8 25. Re1 Bc6 26. Rxa7 e4 27.
Nd4 Ng4 28. Qg3 Qf6 29. Ne6 Qxe6 30. h3 Rxf2 31. b3 d4 32. Ra6 e3 33. hxg4 Qd5
34. Rxc6 Qxc6 35. g5 Rd8 36. Bd3 Rxa2 37. Rf1 Ra5 38. Bc4+ Kh8 39. g6 Rg5 40.
Qh3 Qxg6 0-1

[Event "Vesterhavsturneringen B-Gruppen"]
[Site "Esbjerg"]
[Date "1979.07.13"]
[Round "4"]
[White "Rostalski, Walter"]
[Black "Dankert, Peter"]
[Result "0-1"]
[WhiteElo "2330"]
[BlackElo "2360"]
[PlyCount "220"]
[EventDate "1979.??.??"]
[EventType "tourn"]
[EventRounds "11"]
[EventCountry "DEN"]

1. Nf3 d5 2. g3 Nf6 3. Bg2 e6 4. O-O b6 5. d3 Bb7 6. Nbd2 Nbd7 7. Re1 Bc5 8. e3
O-O 9. b3 a5 10. a3 Re8 11. Bb2 b5 12. Nd4 c6 13. Kh1 Qb6 14. g4 h6 15. f4 e5
16. fxe5 Nxe5 17. h3 Bc8 18. Nf1 Bd6 19. Nf5 Bxf5 20. gxf5 Qd8 21. Qe2 Ra7 22.
Qf2 Rae7 23. Re2 Qc7 24. Rae1 Ned7 25. Qh4 Be5 26. Bxe5 Qxe5 27. Ng3 Qd6 28. b4
axb4 29. axb4 Kh7 30. Qf4 Ne5 31. Rf1 Qd8 32. e4 d4 33. Rg1 Ra7 34. Bf1 Qe7 35.
Reg2 Rg8 36. Ne2 Rd7 37. Qf2 Qxb4 38. Nf4 Qe7 39. Rg3 Qd6 40. Qg2 Ne8 41. Be2
g6 42. Qf2 b4 43. R3g2 Nf6 44. Ra1 Rdd8 45. Ra6 g5 46. Nh5 Nxh5 47. Bxh5 Qc5
48. Qe2 Ra8 49. Rxa8 Rxa8 50. h4 Ra1+ 51. Kh2 Qd6 52. Kh3 Rh1+ 53. Rh2 Rxh2+
54. Qxh2 Kg7 55. Qg1 Kf6 56. Qa1 gxh4 57. Qe1 Kg7 58. Qxh4 Qf6 59. Qg3+ Kf8 60.
Be2 c5 61. Qf4 Ke7 62. Qg3 Kf8 63. Qf4 Kg8 64. Kh2 Qg7 65. Bd1 f6 66. Qc1 Qg5
67. Qa1 h5 68. Qa8+ Kg7 69. Qa7+ Nf7 70. Bf3 h4 71. Qc7 Qg3+ 72. Qxg3+ hxg3+
73. Kxg3 Ne5 74. Be2 Kf7 75. Kh4 Kg7 76. Kg3 Kh7 77. Kh3 Kg7 78. Kg3 Kf7 79.
Kf4 Ke7 80. Kg3 Kd6 81. Kf2 Nd7 82. Bh5 c4 83. Ke2 Ke7 84. dxc4 Nc5 85. Bg6 Kd6
86. Bf7 Ke5 87. Bg6 Kxe4 88. Bh7 Ke5 89. Kd2 Kd6 90. Bg6 Nd7 91. Kc1 Kc5 92.
Kb2 Ne5 93. Kb3 Nxc4 94. Bf7 Ne3 95. Be6 Kd6 96. Bc8 Ke5 97. Bd7 Kd6 98. Bc8
Kc5 99. Be6 Nf1 100. Bc8 Nd2+ 101. Kb2 Nc4+ 102. Kb3 Na5+ 103. Kb2 Kd5 104. Bd7
Nb7 105. Be8 Nc5 106. Bh5 Ke4 107. Bg4 Ke3 108. Ka2 Kf4 109. Bh3 Kg3 110. Bf1
Kg4 0-1

[Event "Vesterhavsturneringen B-Gruppen"]
[Site "Esbjerg"]
[Date "1979.07.14"]
[Round "5"]
[White "Isaksen, Brian"]
[Black "Heinicke, Herbert"]
[Result "1-0"]
[WhiteElo "2275"]
[BlackElo "2410"]
[PlyCount "105"]
[EventDate "1979.??.??"]
[EventType "tourn"]
[EventRounds "11"]
[EventCountry "DEN"]

1. c4 e5 2. Nc3 Nc6 3. Nf3 g6 4. d4 exd4 5. Nxd4 Bg7 6. Nxc6 bxc6 7. g3 d6 8.
Bg2 Bd7 9. O-O Ne7 10. Qd2 O-O 11. b3 Nf5 12. Bb2 a5 13. Rad1 Qe7 14. Rfe1 Rfb8
15. Na4 Be8 16. e4 Nh6 17. Bxg7 Kxg7 18. c5 Rd8 19. cxd6 cxd6 20. Nb6 Rab8 21.
Qxa5 f6 22. Nc4 Nf7 23. Qc3 Qa7 24. Re2 Qc5 25. Qe3 Qb4 26. Red2 Rb7 27. Rd3
Kf8 28. a3 Qb5 29. Nxd6 Nxd6 30. Rxd6 Rxd6 31. Rxd6 Qe5 32. Rd1 Rd7 33. Rxd7
Qa1+ 34. Rd1 Qxd1+ 35. Bf1 Bf7 36. b4 Kg7 37. Qd3 Qa1 38. Kg2 g5 39. Qd7 Kg6
40. Qxc6 Qd1 41. Bc4 Bxc4 42. Qxc4 g4 43. Qc3 Qe2 44. Qe3 Qd1 45. b5 Qb1 46. a4
Qb4 47. Qf4 Qxa4 48. Qxg4+ Kf7 49. Qd7+ Kg6 50. Qd5 Qb4 51. h4 h5 52. Qc6 Qa4
53. e5 1-0